L'identite de la France

Αποθηκεύτηκε σε:
Λεπτομέρειες βιβλιογραφικής εγγραφής
Κύριος συγγραφέας: Braudel, Fernand
Μορφή: Βιβλίο
Γλώσσα:French
Δημοσίευση: Paris : Flammarion, c1986.
Θέματα:
Ετικέτες: Προσθήκη ετικέτας
Δεν υπάρχουν, Καταχωρήστε ετικέτα πρώτοι!

MARC

LEADER 00000cam a2200000 i 4500
001 1/81707
008 970512s1986 fr | ||| |||| ||fre||
020 |a 2700305957 
035 |l 10005356 
040 |a GR-MyUA  |b gre  |e AACR2 
041 0 |a fre 
082 0 |a 933 
100 1 |a Braudel, Fernand. 
245 1 0 |a L'identite de la France /   |c Fernand Braudel.  
260 |a Paris :   |b Flammarion,   |c c1986.  
300 |a 3 τ. ;   |c 2εκ.  
504 |a Περιέχουν βιβλιογραφικές αναφορές.  
505 0 |a Τ. 1. Espace et histoire - - τ. 2. Les hommes et les choses.  
650 0 0 |a Human geography  |z France. 
651 0 |a France  |x Geography. 
651 0 |a France  |x Historical geography. 
767 0 8 |i Μεταφρασμένο ως:   |t The identity of France /  
852 |a INST  |b LESVOS  |e 19970512  |h 944 BRA  |p 005100011319  |q 005100011319  |t BK  |y 0  |z v.3 
852 |a INST  |b LESVOS  |e 19970512  |h 944 BRA  |p 005100011320  |q 005100011320  |t BK  |y 0  |z v.2 
852 |a INST  |b LESVOS  |e 19970512  |h 944 BRA  |p 005100011321  |q 005100011321  |t BK  |y 0  |z v.1 
852 |a INST  |b LESVOS  |e 19970512  |h 944 BRA  |p 005100011319  |q 005100011319  |t BK  |v v.3:  |y 0  |z v.3 
852 |a INST  |b LESVOS  |e 19970512  |h 944 BRA  |p 005100011320  |q 005100011320  |t BK  |v v.2:  |y 0  |z v.2 
852 |a INST  |b LESVOS  |e 19970512  |h 944 BRA  |p 005100011321  |q 005100011321  |t BK  |v v.1:  |y 0  |z v.1 
853 |a INST  |b LESVOS  |h 944 BRA 
909 |a Λ  |b 007301 
909 |a Λ  |b 007302 
909 |a Λ  |b 007303